=LDR 00000nam 2200000 4500 =001 NUTBA000000000004690 =005 20140922123616.0 =006 =007 =008 =020 ##$$a 978-979-756-487-2 =035 ##$$a 0010-091400000000723 =082 ##$$a 336.24 =100 ##$$a purba marisi.P =245 ##$$a akuntasi pajak penghasilan =250 ##$$a Cet. 1 =260 ##$$a yogyakarta, 2009 $b graha ilmu $c 2009 =300 ##$$a x, 162 hlm $c 23 cm =990 ##$$a 0001/BPAP-NTB/20142014